Génocidé / (Record no. 2414)

MARC details
000 -LEADER
fixed length control field 02046cam a2200469Ma 4500
001 - CONTROL NUMBER
control field ocn726190760
003 - CONTROL NUMBER IDENTIFIER
control field TZ-ArACH
005 - DATE AND TIME OF LATEST TRANSACTION
control field 20130611101633.0
008 - FIXED-LENGTH DATA ELEMENTS--GENERAL INFORMATION
fixed length control field 090203r20092006fr b b 000 0afre d
020 ## - INTERNATIONAL STANDARD BOOK NUMBER
International Standard Book Number 9782290000526
020 ## - INTERNATIONAL STANDARD BOOK NUMBER
International Standard Book Number 2290000523
035 ## - SYSTEM CONTROL NUMBER
System control number (OCoLC)726190760
040 ## - CATALOGING SOURCE
Original cataloging agency CNMBL
Language of cataloging fre
Transcribing agency TZ-ArACH
041 ## - LANGUAGE CODE
Language code of text/sound track or separate title Fre
043 ## - GEOGRAPHIC AREA CODE
Geographic area code f-rw---
049 ## - LOCAL HOLDINGS (OCLC)
Holding library TZAA
050 14 - LIBRARY OF CONGRESS CALL NUMBER
Classification number DT450
Item number .R87
082 #4 - DEWEY DECIMAL CLASSIFICATION NUMBER
Classification number 967.571/04092
100 1# - MAIN ENTRY--PERSONAL NAME
Personal name Rurangwa, Révérien,
Dates associated with a name 1978-
9 (RLIN) 11373
245 10 - TITLE STATEMENT
Title Génocidé /
Statement of responsibility, etc Révérien Rurangwa.
260 ## - PUBLICATION, DISTRIBUTION, ETC. (IMPRINT)
Place of publication, distribution, etc [Paris?] :
Name of publisher, distributor, etc Éditions J'ai lu,
Date of publication, distribution, etc 2009.
300 ## - PHYSICAL DESCRIPTION
Extent 189 p. :
Other physical details carte ;
Dimensions 18 cm.
490 0# - SERIES STATEMENT
Series statement J'ai lu : récit ;
Volume number/sequential designation 8468
500 ## - GENERAL NOTE
General note "Ils m'ont tué, moi et toute ma famille, sur une colline du Rwanda. Mais je ne suis pas mort."--Couv.
500 ## - GENERAL NOTE
General note Réimpr. de l'éd. de: Paris : Presses de la Renaissance, c2006.
504 ## - BIBLIOGRAPHY, ETC. NOTE
Bibliography, etc Comprend des réf. bibliogr. (p. 184-[185]).
600 16 - SUBJECT ADDED ENTRY--PERSONAL NAME
Personal name Rurangwa, Révérien,
Dates associated with a name 1978-
General subdivision Enfance et jeunesse.
9 (RLIN) 11374
600 10 - SUBJECT ADDED ENTRY--PERSONAL NAME
Personal name Rurangwa, Révérien,
Dates associated with a name 1978-
General subdivision Childhood and youth.
9 (RLIN) 11375
650 #6 - SUBJECT ADDED ENTRY--TOPICAL TERM
Topical term or geographic name as entry element Génocide
Geographic subdivision Rwanda
General subdivision Histoire
Chronological subdivision 20e siècle.
9 (RLIN) 11376
650 #6 - SUBJECT ADDED ENTRY--TOPICAL TERM
Topical term or geographic name as entry element Tutsi (Peuple d'Afrique)
Geographic subdivision Rwanda
Form subdivision Biographies.
9 (RLIN) 11377
650 #6 - SUBJECT ADDED ENTRY--TOPICAL TERM
Topical term or geographic name as entry element Victimes de guerre
Geographic subdivision Rwanda
Form subdivision Biographies.
9 (RLIN) 11378
650 #0 - SUBJECT ADDED ENTRY--TOPICAL TERM
Topical term or geographic name as entry element Genocide
Geographic subdivision Rwanda
General subdivision History
Chronological subdivision 20th century.
9 (RLIN) 11379
650 #0 - SUBJECT ADDED ENTRY--TOPICAL TERM
Topical term or geographic name as entry element Tutsi (African people)
Geographic subdivision Rwanda
Form subdivision Biography.
9 (RLIN) 11380
650 #0 - SUBJECT ADDED ENTRY--TOPICAL TERM
Topical term or geographic name as entry element War victims
Geographic subdivision Rwanda
Form subdivision Biography.
9 (RLIN) 11381
651 #6 - SUBJECT ADDED ENTRY--GEOGRAPHIC NAME
Geographic name Rwanda
General subdivision Histoire
Chronological subdivision 1994 (Guerre civile)
Form subdivision Récits personnels.
9 (RLIN) 11382
651 #6 - SUBJECT ADDED ENTRY--GEOGRAPHIC NAME
Geographic name Rwanda
General subdivision Histoire
Chronological subdivision 1994 (Guerre civile)
General subdivision Atrocités.
9 (RLIN) 11383
651 #0 - SUBJECT ADDED ENTRY--GEOGRAPHIC NAME
Geographic name Rwanda
General subdivision History
Chronological subdivision Civil War, 1994
Form subdivision Personal narratives.
9 (RLIN) 11384
651 #0 - SUBJECT ADDED ENTRY--GEOGRAPHIC NAME
Geographic name Rwanda
General subdivision History
Chronological subdivision Civil War, 1994
General subdivision Atrocities.
9 (RLIN) 11385
942 ## - ADDED ENTRY ELEMENTS (KOHA)
Source of classification or shelving scheme Library of Congress Classification
Koha item type Books
Holdings
Home library Current library Shelving location Date acquired Full call number Barcode Koha item type
African Court on Human and Peoples' Rights Library African Court on Human and Peoples' Rights Library   11/06/2013 DT450 .R87 10029311 Books
African Court on Human and Peoples' Rights Library African Court on Human and Peoples' Rights Library   11/06/2013 DT450 .R87 10029354 Books

African Court on Human and Peoples' Rights | For Inquiries Contact » +255 272 510 510